000 00303nam a22001337a 4500
008 180130b xxu||||| |||| 00| 0 eng d
020 _a1560550775
041 _aeng
080 _a617
100 _a8
101 _aOFT
245 _aOptics, refraction, and contact lenses
_cThall,E.H
942 _2udc
_cBK
999 _c41281
_d41281